000 00641nam a2200205Ia 4500
001 15220
003 GE_BSU
008 181216s||||||||xx |||||||||||||| ||und||
040 _cGE_BSU
080 _a821.353.1-32
100 _aშატბერაშვილი,გიორგი
245 _aმოთხრობები
245 _cრედ.დ.ბენაშვილი. მხატვ.ლ.ავალიანი
260 _aთბილისი
260 _bსაბჭოთა მწერალი
260 _c1954
300 _a300გვ.22სმ.
653 _aმოთხრობები
942 _cBK
999 _c48332
_d48332